000 00948nam a22003137a 4500
003 CHAP
005 20220329140742.0
008 971013s1981 mx r 00010 spa d
010 _a57068
011 _a58040
035 _a62195
040 _cCHAP
082 0 4 _a634.653
_bS65 1981
100 0 0 _aSolares, Martín.
_9108378
245 1 0 _aTécnicas y prácticas en el cultivo del aguacate
250 _a3 ed.
260 _aMéxico, D.F. :
_bEditores Mexicanos Unidos,
_c1981
300 _a226 p.
_b: ilus.
490 _aCol. Agropecuaria
590 _aBATCH-UPD
_b10
_c20130110
_lUCH01
_h0537
590 _aBATCH-UPD
_b10
_c20130410
_lUCH01
_h0218
590 _aBATCH-UPD
_b10
_c20130913
_lUCH01
_h2303
590 _aCONVERSION
_b10
_c20130109
_lUCH01
_h1331
650 1 4 _aAguacate.
_92490
830 0 _aCol. Agropecuaria
_924509
901 _aBK
942 _cLIBRO
949 _a634.653 S65 1981
_bBC
_cLIBRO
_d33724002343371
_eLIBRO
_h61226
_i62195
_si
999 _c57068
_d57068